MARC details
| 000 -LEADER |
| fixed length control field |
01489cam a2200397 i 4500 |
| 001 - CONTROL NUMBER |
| control field |
1885322 |
| 003 - CONTROL NUMBER IDENTIFIER |
| control field |
OSt |
| 005 - DATE AND TIME OF LATEST TRANSACTION |
| control field |
20240321101357.0 |
| 008 - FIXED-LENGTH DATA ELEMENTS--GENERAL INFORMATION |
| fixed length control field |
890522s1982 hu a b 001 0 eng |
| 010 ## - LIBRARY OF CONGRESS CONTROL NUMBER |
| LC control number |
83156859 |
| 020 ## - INTERNATIONAL STANDARD BOOK NUMBER |
| International Standard Book Number |
9630532603 (pbk.) |
| 040 ## - CATALOGING SOURCE |
| Original cataloging agency |
DLC |
| Transcribing agency |
DLC |
| Modifying agency |
DLC |
| 041 0# - LANGUAGE CODE |
| Language code of text/sound track or separate title |
engtib |
| 050 00 - LIBRARY OF CONGRESS CALL NUMBER |
| Classification number |
Z7862.4 |
| Item number |
.B48 1982 |
| Classification number |
BQ1267 |
| 100 1# - MAIN ENTRY--PERSONAL NAME |
| Personal name |
Bethlenfalvy, Géza. |
| 245 12 - TITLE STATEMENT |
| Title |
A hand-list of the Ulan Bator manuscript of the Kanjur Rgyal-rtse them spaṅs-ma / |
| Statement of responsibility, etc. |
by Géza Bethlenfalvy. |
| 264 ## - PRODUCTION, PUBLICATION, DISTRIBUTION, MANUFACTURE, AND COPYRIGHT NOTICE |
| Place of production, publication, distribution, manufacture |
Budapest : |
| Name of producer, publisher, distributor, manufacturer |
Akadémiai Kiadó, |
| Date of production, publication, distribution, manufacture, or copyright notice |
1982. |
| 300 ## - PHYSICAL DESCRIPTION |
| Extent |
111 pages : |
| Other physical details |
ill. ; |
| Dimensions |
20 cm. |
| 336 ## - CONTENT TYPE |
| Source |
rdacontent |
| Content type term |
text |
| Content type code |
txt |
| 337 ## - MEDIA TYPE |
| Source |
rdamedia |
| Media type term |
unmediated |
| Media type code |
n |
| 338 ## - CARRIER TYPE |
| Source |
rdacarrier |
| Carrier type term |
volume |
| Carrier type code |
nc |
| 440 #0 - SERIES STATEMENT/ADDED ENTRY--TITLE |
| Title |
Fontes Tibetani ; |
| Volume/sequential designation |
1 |
| 490 1# - SERIES STATEMENT |
| Series statement |
Debter, deb-ther, debtelin : materials for Central Asiatic and Altaic studies ; |
| Volume/sequential designation |
1 |
| 500 ## - GENERAL NOTE |
| General note |
Introduction in English, list in Tibetan. |
| 500 ## - GENERAL NOTE |
| General note |
Spine title: Kanjur Rgyal-rtse them spaṅs-ma. |
| 500 ## - GENERAL NOTE |
| General note |
"A project of the Research Group for Altaic Studies of the Hungarian Academy of Sciences"--T.p. verso. |
| 500 ## - GENERAL NOTE |
| General note |
Includes index. |
| 504 ## - BIBLIOGRAPHY, ETC. NOTE |
| Bibliography, etc. note |
Bibliography: p. 9-10. |
| 590 ## - LOCAL NOTE (RLIN) |
| Local note |
In English. |
| 630 00 - SUBJECT ADDED ENTRY--UNIFORM TITLE |
| Uniform title |
Kanjur |
| General subdivision |
Bibliography. |
| 710 2# - ADDED ENTRY--CORPORATE NAME |
| Corporate name or jurisdiction name as entry element |
Magyar Tudományos Akadémia. |
| Subordinate unit |
Altajisztikai Tanszéki Kutatócsoport. |
| 740 0# - ADDED ENTRY--UNCONTROLLED RELATED/ANALYTICAL TITLE |
| Uncontrolled related/analytical title |
Kanjur Rgyal-rtse them spaṅs-ma. |
| 830 #0 - SERIES ADDED ENTRY--UNIFORM TITLE |
| Uniform title |
Debter, deb-ther, debtelin ; |
| Volume/sequential designation |
1. |
| 906 ## - LOCAL DATA ELEMENT F, LDF (RLIN) |
| a |
7 |
| b |
cbc |
| c |
orignew |
| d |
2 |
| e |
ncip |
| f |
19 |
| g |
y-gencatlg |
| 942 ## - ADDED ENTRY ELEMENTS (KOHA) |
| Koha item type |
Booklet |
| Suppress in OPAC |
No |